The misfit / (Record no. 7342)
[ view plain ]
| 000 -LEADER | |
|---|---|
| fixed length control field | 01376cam a2200373 a 4500 |
| 001 - CONTROL NUMBER | |
| control field | 106419 |
| 003 - CONTROL NUMBER IDENTIFIER | |
| control field | GBCCL |
| 005 - DATE AND TIME OF LATEST TRANSACTION | |
| control field | 20241126110625.0 |
| 008 - FIXED-LENGTH DATA ELEMENTS--GENERAL INFORMATION | |
| fixed length control field | 970610s1997 coua c 000 1 eng |
| 010 ## - | |
| -- | 97024445 |
| 020 ## - INTERNATIONAL STANDARD BOOK NUMBER | |
| International Standard Book Number | 1561795607 |
| 035 ## - SYSTEM CONTROL NUMBER | |
| System control number | (OCoLC)ocm37155077 |
| 040 ## - CATALOGING SOURCE | |
| Original cataloging agency | DLC |
| Transcribing agency | DLC |
| Modifying agency | OCL |
| 042 ## - | |
| -- | lcac |
| 049 ## - | |
| -- | LBBI |
| 050 00 - | |
| -- | PZ7.R88515 |
| -- | Mi 1997 |
| 082 00 - DEWEY DECIMAL CLASSIFICATION NUMBER | |
| Classification number | 813.54 |
| Edition information | 21 |
| Item number | RUE |
| 099 ## - LOCAL FREE-TEXT CALL NUMBER (OCLC) | |
| Classification number | R836c v.13 |
| 100 1# - MAIN ENTRY--PERSONAL NAME | |
| Personal name | Rue, Nancy N. |
| 9 (RLIN) | 7618 |
| 245 14 - TITLE STATEMENT | |
| Title | The misfit / |
| Statement of responsibility, etc. | Nancy Rue. |
| 260 ## - PUBLICATION, DISTRIBUTION, ETC. | |
| Place of publication, distribution, etc. | Colorado Springs, CO : |
| Name of publisher, distributor, etc. | Focus on the Family Pub., |
| Date of publication, distribution, etc. | c1997. |
| 300 ## - PHYSICAL DESCRIPTION | |
| Extent | 188 p. : |
| Other physical details | ill. ; |
| Dimensions | 19 cm. |
| 490 1# - SERIES STATEMENT | |
| Series statement | Christian heritage series ; |
| Volume/sequential designation | bk. 13. |
| 490 1# - SERIES STATEMENT | |
| Series statement | The Charleston years ; |
| Volume/sequential designation | bk. 1. |
| 520 ## - SUMMARY, ETC. | |
| Summary, etc. | Living with his uncle on a South Carolina plantation in 1860, eleven-year-old Austin befriends a young slave boy and learns more about how Jesus loves people who are different. |
| 521 ## - TARGET AUDIENCE NOTE | |
| Target audience note | "Children ages 8 to 12"--Cover p. [4]. |
| 650 #0 - SUBJECT ADDED ENTRY--TOPICAL TERM | |
| Topical term or geographic name entry element | Slavery |
| Form subdivision | Juvenile fiction. |
| 9 (RLIN) | 12988 |
| 650 #0 - SUBJECT ADDED ENTRY--TOPICAL TERM | |
| Topical term or geographic name entry element | African Americans |
| Form subdivision | Juvenile fiction. |
| 9 (RLIN) | 12989 |
| 650 #0 - SUBJECT ADDED ENTRY--TOPICAL TERM | |
| Topical term or geographic name entry element | Christian life |
| Form subdivision | Juvenile fiction. |
| 9 (RLIN) | 5672 |
| 651 #0 - SUBJECT ADDED ENTRY--GEOGRAPHIC NAME | |
| Geographic name | South Carolina |
| Form subdivision | Juvenile fiction. |
| 9 (RLIN) | 12990 |
| 800 1# - | |
| -- | Rue, Nancy N. |
| -- | Christian heritage series ; |
| -- | bk. 13. |
| -- | 12991 |
| 800 1# - | |
| -- | Rue, Nancy N. |
| -- | Christian heritage series. |
| -- | Charleston years. |
| -- | 12992 |
| 942 ## - ADDED ENTRY ELEMENTS (KOHA) | |
| Source of classification or shelving scheme | Dewey Decimal Classification |
| Koha item type | Books |
| Withdrawn status | Lost status | Source of classification or shelving scheme | Damaged status | Not for loan | Home library | Current Library | Shelving location | Date acquired | Total checkouts | Full call number | Barcode | Date last seen | Copy number | Price effective from | Koha item type |
|---|---|---|---|---|---|---|---|---|---|---|---|---|---|---|---|
| Dewey Decimal Classification | GRACE BIBLE COLLEGE | GRACE BIBLE COLLEGE | General Studies | 2018-07-30 | 813.54 RUE | 002184 | 2025-05-01 | c.1 | 2018-07-30 | Books |